[Event "Trieste op 13th"]
[Site "Trieste"]
[Date "2011.09.08"]
[Round "7"]
[White "Ivanovic, Andrej"]
[Black "Suc, Timothy"]
[Result "1/2-1/2"]
[WhiteElo "2016"]
[BlackElo "2053"]
[PlyCount "84"]
[EventDate "2011.09.03"]
[EventType "swiss"]
[EventRounds "9"]
[EventCountry "ITA"]
[SourceTitle "CBM 144 Extra"]
[Source "ChessBase"]
[SourceDate "2011.10.28"]
[SourceVersion "1"]
[SourceVersionDate "2011.10.28"]
[SourceQuality "1"]

1. d4 d6 2. Nf3 g6 3. c4 Nf6 4. Nc3 Bf5 5. Bf4 Bg7 6. h3 Ne4 7. Nxe4 Bxe4 8. e3 c5 9. Be2 cxd4 10. exd4 0-0 11. 0-0 Nc6 12. d5 Bxf3 13. Bxf3 Na5 14. Qe2 Rc8 15. Rac1 b6 16. Rfe1 Re8 17. b4 Nb7 18. Qd3 Rc7 19. Bd1 Qd7 20. Bb3 Bf6 21. Be3 Rec8 22. Rb1 Qe8 23. Bd4 Qf8 24. Bxf6 exf6 25. Re2 Re7 26. Ba4 Rcc7 27. Rbe1 Kg7 28. Bb5 h5 29. Re3 Qd8 30. Qd4 Qf8 31. Kh2 Qd8 32. Bc6 Qf8 33. Rxe7 Rxe7 34. Rxe7 Qxe7 35. Bxb7 Qxb7 36. c5 dxc5 37. bxc5 bxc5 38. Qxc5 Qd7 39. d6 Qa4 40. Qd5 Qf4+ 41. Kg1 Qc1+ 42. Kh2 Qf4+ 1/2-1/2

[Event "Trieste op 13th"]
[Site "Trieste"]
[Date "2011.09.06"]
[Round "5"]
[White "Ivanovic, Andrej"]
[Black "De Val, Daniele"]
[Result "1/2-1/2"]
[WhiteElo "2016"]
[BlackElo "2220"]
[PlyCount "67"]
[EventDate "2011.09.03"]
[EventType "swiss"]
[EventRounds "9"]
[EventCountry "ITA"]
[SourceTitle "CBM 144 Extra"]
[Source "ChessBase"]
[SourceDate "2011.10.28"]
[SourceVersion "1"]
[SourceVersionDate "2011.10.28"]
[SourceQuality "1"]

1. d4 e6 2. c4 f5 3. g3 Nf6 4. Bg2 d5 5. Nh3 c6 6. 0-0 Bd6 7. Bf4 Be7 8. Qc2 0-0 9. Nd2 h6 10. Nf3 g5 11. Bxb8 Rxb8 12. Ne5 Bd6 13. f4 Ne4 14. e3 Bd7 15. Nf2 Nxf2 16. Rxf2 Kg7 17. Bf3 Qe7 18. h3 Bxe5 19. fxe5 Be8 20. cxd5 cxd5 21. Rc1 Bc6 22. Qc5 Qxc5 23. Rxc5 Rbc8 24. Rfc2 Bd7 25. Rc7 Kg6 26. Rxc8 Rxc8 27. Rxc8 Bxc8 28. Kf2 h5 29. h4 g4 30. Be2 Bd7 31. Ke1 a5 32. Kd2 Kf7 33. Kc3 Ke7 34. a3 1/2-1/2